Países que se aliaram a Alemanha na Segunda Guerra Mundial. - Statistics

Estatísticas Gerais
  • Esse quiz foi jogado 444 vezes
  • A pontuação média é 5 de 8
Estatísticas das Respostas
Hint Resposta % Correto
Membro do Eixo. Itália
100%
Membro do Eixo. Japão
99%
Permaneceu neutra até 1940. Hungria
65%
Lutou a Guerra de Inverno e a Guerra de Continuação. Finlândia
63%
Permaneceu neutra até 1940. Romênia
63%
Se aliou em 1941 por causa de pressões políticas e territoriais. Bulgária
58%
Foi estabelecido após a invasão da Iugoslávia e se aliou ao Eixo Croácia
44%
Se aliou em 1940 após ganhar independência. Eslováquia
29%
Nenhum quiz correspondente encontrado
Distribuição das Pontuações
Porcentagem de Pessoas com Cada Pontuação
Percentil de Números Respondidos
Sua Pontuação Histórica
Você não jogou esse quiz